| 000 | 03247nam0a2200397 4500 | ||
|---|---|---|---|
| 001 | RU\NLR\BIBL_A\022585258 | ||
| 005 | 20260420050830.0 | ||
| 010 |
_a978-5-91458-437-2 _9300 |
||
| 021 |
_aRU _bКН-П-25-029502 _9КН-П-25-2911 |
||
| 035 | _a(NLR Aleph) 022585258 | ||
| 090 |
_a13678062 _c13678062 |
||
| 100 | _a20250715d2023 k y0rusy50 ca | ||
| 101 | 0 | _arus | |
| 102 | _aRU | ||
| 105 | _aac z 100yy | ||
| 181 | 0 |
_ai3 _baxxe |
|
| 182 | 0 | _an | |
| 200 | 1 |
_aРусский язык как родной, неродной и иностранный в трансграничном Прикаспийском регионе _eматериалы Международной научно-практической конференции, 5-6 октября 2022 г. _fМинистерство науки и высшего образования Российской Федерации, Федеральное государственное бюджетное образовательное учреждение высшего образования "Калмыцкий государственный университет имени Б. Б. Городовикова", Кафедра русского языка как иностранного и общегуманитарных дисциплин _gсоставители, ответственные редакторы: Омакаева Э. У., кандидат филологических наук, доцент, Голубева Е. В., кандидат филологических наук, доцент |
|
| 203 |
_aТекст _bвизуальный _cнепосредственный |
||
| 210 |
_aЭлиста _cИзд-во Калмыцкого университета _d2023 |
||
| 215 |
_a243 с. _cил., портр. _d21 |
||
| 320 | _aБиблиогр. в конце ст. | ||
| 606 | 1 |
_aРусский язык _jСъезды, совещания и т.п _91533567 _3RU\NLR\AUTH\66969347 |
|
| 606 | 1 |
_aМежкультурная коммуникация _jСъезды, совещания и т.п _92368045 _3RU\NLR\AUTH\661413599 |
|
| 606 | 1 |
_aРусский язык _jСъезды, совещания и т.п _xПреподавание _yКаспийский регион _92679322 _3RU\NLR\AUTH\6601760751 |
|
| 686 | 1 | _aЧ486.13(2Р354.3)я431 | |
| 686 | 1 | _aШ141.12я431 | |
| 686 | 1 | _aШ100.33я431 | |
| 702 | 1 |
_aОмакаева _bЭ. У. _gЭллара Уляевна _4220 _4340 |
|
| 711 | 1 | 2 |
_a"Русский язык как родной, неродной и иностранный в трансграничном Прикаспийском регионе", международная научно-практическая конференция _eЭлиста _f2022 _92671259 _3RU\NLR\AUTH\880629337 |
| 712 | 0 | 2 |
_4570 _aКалмыцкий государственный университет им. Б. Б. Городовикова _bКафедра русского языка как иностранного и общегуманитарных дисциплин _cЭлиста _92671261 _3RU\NLR\AUTH\880629339 |
| 942 | _cBOOK | ||
| 980 | _aNB | ||